Amid gods and lords : (Record no. 93780)

MARC details
000 -LEADER
fixed length control field 00849nam a22002537a 4500
005 - DATE AND TIME OF LATEST TRANSACTION
control field 20150713125812.0
010 ## - LCCN (DPL NO)
LC control number ENG-113127
020 ## - INTERNATIONAL STANDARD BOOK NUMBER
International Standard Book Number 9789350355534
Terms of availability 695.00
035 ## - SYSTEM CONTROL NUMBER
System control number EN-96659
037 ## - SOURCE OF ACQUISITION
Source of stock number/acquisition DBAD/PUB
082 ## - DEWEY DECIMAL CLASSIFICATION NUMBER
Classification number 921
100 ## - MAIN ENTRY--PERSONAL NAME
Personal name Tahir Mahmood
245 ## - TITLE STATEMENT
Title Amid gods and lords :
Statement of responsibility, etc by Tahir Mahmood
Remainder of title living through Labyrinths of religion and law /
250 ## - EDITION STATEMENT
Edition statement 2nd rev. ed
260 ## - PUBLICATION, DISTRIBUTION, ETC. (IMPRINT)
Place of publication, distribution, etc New Delhi
Name of publisher, distributor, etc Universal Law Publishing
Date of publication, distribution, etc 2015
270 ## - ADDRESS
Address A-58, G.T. Karnal Road Industrial Area,
City New Delhi
Postal code 110033
300 ## - PHYSICAL DESCRIPTION
Extent xiv,394p.
Dimensions 25cm(Hb)
500 ## - GENERAL NOTE
General note Includes bibliographical references and index
520 ## - SUMMARY, ETC.
Summary, etc Autobiography of a law teacher.
600 ## - SUBJECT ADDED ENTRY--PERSONAL NAME
Personal name Mahmood, Tahir,
Dates associated with a name 1941-
650 ## - SUBJECT ADDED ENTRY--TOPICAL TERM
Topical term or geographic name as entry element Law teachers
Geographic subdivision India
Form subdivision Biography.
650 ## - SUBJECT ADDED ENTRY--TOPICAL TERM
Topical term or geographic name as entry element Religion and law
Geographic subdivision India.
942 ## - ADDED ENTRY ELEMENTS (KOHA)
Source of classification or shelving scheme Dewey Decimal Classification
Item type English Books
Call number suffix TAH
Classification part 921
Holdings
Withdrawn status Lost status Not for loan Collection code Home library Current library Date acquired Source of acquisition Cost, normal purchase price Full call number Barcode Copy number Cost, replacement price Koha item type
    Not For Loan Non-fiction D.B.Act.Division D.B.Act.Division 20/05/2015 DBAD/PUB 695.00 921 TAH EN-96659 1 695.00 English Books

© Delhi Public Library
Hit Counter
free hit counter